Economía ambiental

-д хадгалсан:
Номзүйн дэлгэрэнгүй
Үндсэн зохиолчид: Labandeira, Xavier (Зохиогч), León, Carmelo J (Зохиогч), Vásquez, María Xosé (Зохиогч)
Формат: Ном
Хэл сонгох:испани
Хэвлэсэн: Madrid Pearson Prentice Hall 2007
Нөхцлүүд:
Шошгууд: Шошго нэмэх
Шошго байхгүй, Энэхүү баримтыг шошголох эхний хүн болох!

MARC

LEADER 00000cam a2200000 a 4500
001 UCI9710
003 CL-VaPUC
008 081204e20070000SP |||||||||||||||||spa|d
020 |a 9788420536514 
082 0 4 |a 333.7  |b LAB  |2 21 
100 0 |a Labandeira, Xavier  |e author  |9 533613 
700 0 |a León, Carmelo J  |e author  |9 533614 
700 0 |a Vásquez, María Xosé  |e author  |9 533615 
245 1 0 |a Economía ambiental 
300 |a 356 p 
942 |c BK 
945 |d 20081204 00:00:00  |a rbrito 
260 |a Madrid  |b Pearson Prentice Hall  |c 2007 
650 0 |a Protección del medio ambiente  |9 257626 
650 0 |a Medio ambiente  |9 257625 
650 0 |a Derecho ambiental   |9 257835 
650 0 |a Ecología   |9 258124 
650 0 |a Desarrollo económico  |9 259599 
650 0 |a Política ambiental  |9 262970 
583 |a last modification  |c 20150326 12:30:31  |k Rodrigo Vera 
999 |c 332192  |d 332190 
952 |0 0  |1 0  |4 0  |6 333_700000000000000_LAB_2007  |7 0  |8 A  |9 419660  |a BIBING  |b BIBING  |d 2019-11-22  |i 450271K  |o 333.7 LAB 2007  |p 450271K  |r 2025-01-20  |w 2019-11-22  |y BK  |k GEO 
952 |0 0  |1 0  |4 0  |6 333_700000000000000_LAB_2007  |7 0  |8 A  |9 419661  |a BIBING  |b BIBING  |d 2019-11-22  |i 495386K  |o 333.7 LAB 2007  |p 495386K  |r 2025-01-20  |w 2019-11-22  |y BK  |k GEO 
952 |0 0  |1 0  |3 erb  |4 0  |6 333_700000000000000_LAB_2007  |7 0  |8 A  |9 419662  |a BIBING  |b BIBING  |i 5138647  |o 333.7 LAB 2007  |p 5138647  |r 2025-01-20  |w 2019-11-22  |y BK  |z Catalogado en:20150305  |k EIQ 
952 |0 0  |1 0  |3 erb  |4 0  |6 333_700000000000000_LAB_2007  |7 0  |8 A  |9 419663  |a BIBING  |b BIBING  |i 5138655  |o 333.7 LAB 2007  |p 5138655  |r 2025-01-20  |w 2019-11-22  |y BK  |z Catalogado en:20150305  |k EIQ 
952 |0 0  |1 0  |3 erb  |4 0  |6 333_700000000000000_LAB_2007  |7 0  |8 A  |9 419664  |a BIBING  |b BIBING  |i 5138663  |o 333.7 LAB 2007  |p 5138663  |r 2025-01-20  |w 2019-11-22  |y BK  |z Catalogado en:20150305  |k EIQ